000 00337nam a2200133Ia 4500
008 240624s9999 xx 000 0 und d
041 _aeng
082 _a658.4092 WAT
100 _aWATSON CRAIG M
245 _aDYNAMICS OF LEADERSHIP
260 _c2001
_aMumbai
_bJaico Publishing House
300 _axi, : 368 : p. : cm. ; 25
365 _cRS
999 _c786
_d786